[Event "Vancouver-ch class"]
[Site "Vancouver CAN"]
[Date "2004.01.31"]
[Round "2"]
[White "Harper, Jamie"]
[Black "Cheng, Lesley"]
[Result "1-0"]
[WhiteElo "1629"]
[BlackElo "1418"]
[PlyCount "125"]
[GameId "2160767911192194"]
[EventDate "2004.01.30"]
[EventType "swiss"]
[EventRounds "5"]
[EventCountry "CAN"]

1. e4 d6 2. Nc3 g6 3. g3 Bg7 4. Bg2 Nc6 5. Nge2 e5 6. O-O Nge7 7. d3 O-O 8. Be3 f5 9. f4 Nd4 10. exf5 Nxe2+ 11. Qxe2 Nxf5 12. Rae1 Nxe3 13. Qxe3 c6 14. fxe5 Bxe5 15. d4 Rxf1+ 16. Bxf1 Bg7 17. Ne4 Bf5 18. c3 d5 19. Nc5 Qc8 20. Qe7 Bf8 21. Qe5 Bxc5 22. dxc5 Qd7 23. Bg2 Rd8 24. Qd4 Re8 25. Rxe8+ Qxe8 26. Kf2 Be4 27. Bxe4 dxe4 28. Ke3 Qe7 29. Qxe4 Qxc5+ 30. Qd4 Qe7+ 31. Kd3 b6 32. Qc4+ Qf7 33. Qxf7+ Kxf7 34. Ke4 Ke6 35. h4 h5 36. c4 b5 37. b3 bxc4 38. bxc4 c5 39. Kf4 a6 40. Ke4 a5 41. a4 Kd6 42. Kf4 Ke6 43. g4 hxg4 44. Kxg4 Ke5 45. Kg5 Kd4 46. Kxg6 Kxc4 47. h5 Kb4 48. h6 Kxa4 49. h7 c4 50. h8=Q Kb3 51. Kf5 c3 52. Qh3 Kb2 53. Qh8 Kb3 54. Qh1 c2 55. Qc1 a4 56. Ke4 Kc3 57. Ke3 Kb4 58. Qxc2 a3 59. Qa2 Ka4 60. Kd4 Kb4 61. Qc4+ Ka5 62. Kc5 a2 63. Qb5# 1-0

[Event "Vancouver-ch class"]
[Site "Vancouver CAN"]
[Date "2004.01.31"]
[Round "3"]
[White "Harper, Jamie"]
[Black "Mandic, Slaven"]
[Result "0-1"]
[WhiteElo "1629"]
[BlackElo "2047"]
[PlyCount "64"]
[GameId "2160767911192195"]
[EventDate "2004.01.30"]
[EventType "swiss"]
[EventRounds "5"]
[EventCountry "CAN"]

1. e4 g6 2. Nc3 Bg7 3. g3 c5 4. Bg2 Nc6 5. Nge2 d6 6. O-O e6 7. d3 Nge7 8. Be3 Nd4 9. Qd2 a6 10. Nd1 Nxe2+ 11. Qxe2 Rb8 12. c3 Qc7 13. d4 O-O 14. f4 Bd7 15. Nf2 cxd4 16. Bxd4 Bxd4 17. cxd4 Bb5 18. Nd3 Qc4 19. Rfd1 Qxd4+ 20. Kh1 Rfd8 21. Qd2 d5 22. Nf2 Qg7 23. Rac1 Bc6 24. e5 h5 25. Nh3 Nf5 26. Ng5 Qf8 27. Qe2 Qb4 28. Nf3 Kg7 29. Ng5 Rd7 30. Bh3 d4+ 31. Kg1 Ne3 32. Rd3 Bb5 0-1

[Event "Vancouver-ch class"]
[Site "Vancouver CAN"]
[Date "2004.01.31"]
[Round "3"]
[White "Meng, Fanhao"]
[Black "Neufahrt, Gerhard"]
[Result "1-0"]
[WhiteElo "2300"]
[BlackElo "2052"]
[PlyCount "121"]
[GameId "2160767911192196"]
[EventDate "2004.01.30"]
[EventType "swiss"]
[EventRounds "5"]
[EventCountry "CAN"]

1. e4 e5 2. Nf3 Nc6 3. Bb5 a6 4. Ba4 Nf6 5. Qe2 d6 6. c3 Bg4 7. O-O Be7 8. Rd1 O-O 9. d3 Nd7 10. h3 Bh5 11. g4 Bg6 12. Nbd2 Nb6 13. Bb3 Qd7 14. Nf1 h5 15. Ne3 Rae8 16. Kg2 Bd8 17. Nh2 hxg4 18. hxg4 Na5 19. Bc2 d5 20. Rh1 c5 21. b3 d4 22. cxd4 exd4 23. Nc4 Nbxc4 24. bxc4 Nc6 25. f4 f5 26. gxf5 Qxf5 27. Nf1 Qd7 28. Kg1 Nb4 29. Bb1 Rf6 30. a3 Nc6 31. Qg2 Ref8 32. Bc2 Bc7 33. Nh2 Bh5 34. f5 Ne5 35. Bg5 Rb6 36. Qh3 Qf7 37. Bd1 g6 38. Ng4 Nxg4 39. Bxg4 Rb3 40. Bxh5 gxh5 41. Bh6 Re8 42. Qg2+ Kh7 43. Rxh5 Rg8 44. Rg5 Rxg5 45. Qxg5 Rxd3 46. Kf2 Bg3+ 47. Kg2 Be5 48. Qh4 Rg3+ 49. Kf2 Kg8 50. Bf4 Bxf4 51. Qxf4 Rg7 52. Rh1 Qc7 53. Kf3 Qxf4+ 54. Kxf4 b5 55. cxb5 axb5 56. f6 Rg2 57. e5 Kf7 58. Rh7+ Ke6 59. Re7+ Kd5 60. f7 d3 61. Kf3 1-0

[Event "Vancouver-ch class"]
[Site "Vancouver CAN"]
[Date "2004.02.01"]
[Round "4"]
[White "Chan, James"]
[Black "Bojovic, Gavrilo"]
[Result "0-1"]
[WhiteElo "2021"]
[BlackElo "2082"]
[PlyCount "132"]
[GameId "2160767911192197"]
[EventDate "2004.01.30"]
[EventType "swiss"]
[EventRounds "5"]
[EventCountry "CAN"]

1. d4 c5 2. Nf3 cxd4 3. Nxd4 e5 4. Nb3 d5 5. g3 Nf6 6. Bg2 e4 7. O-O Bd6 8. c4 dxc4 9. N3d2 e3 10. Nxc4 exf2+ 11. Rxf2 Be7 12. Qxd8+ Bxd8 13. Nd6+ Kd7 14. Nxb7 Bb6 15. Na5 Re8 16. Nc3 Ng4 17. e3 Nxf2 18. Kxf2 Bxa5 19. Bxa8 Nc6 20. Bxc6+ Kxc6 21. Bd2 Rd8 22. Ke1 Rd3 23. Rc1 Kb7 24. Ke2 Rd8 25. Ne4 Bg4+ 26. Ke1 Bb6 27. Nc5+ Ka8 28. b4 Rd5 29. Rc4 Bc8 30. Rd4 Rh5 31. Rh4 Rxh4 32. gxh4 Bc7 33. Kf2 Bxh2 34. Ne4 Be6 35. Ng3 Bd5 36. e4 Bxg3+ 37. Kxg3 Bxe4 38. Kf4 Bd5 39. a4 Kb7 40. Ke5 Bb3 41. a5 Kc6 42. Be3 a6 43. Bc5 Kd7 44. Bf8 f6+ 45. Kf4 g6 46. Bg7 Ke6 47. Bf8 Kf7 48. Bc5 h6 49. Kg3 g5 50. Bb6 Kg6 51. Bd8 Bd5 52. Be7 Bc6 53. Bd8 Kf5 54. Be7 Bb7 55. Bf8 Kg6 56. Be7 f5 57. Bd8 f4+ 58. Kg4 h5+ 59. Kh3 g4+ 60. Kh2 Kf5 61. Bg5 Ke4 62. Kg1 g3 63. Be7 Kf3 64. Bd6 Kg4 65. Be7 f3 66. Kf1 Bc6 0-1

[Event "Vancouver-ch class"]
[Site "Vancouver CAN"]
[Date "2004.02.01"]
[Round "4"]
[White "Gaulin, Richard"]
[Black "Harper, Jamie"]
[Result "1/2-1/2"]
[WhiteElo "1475"]
[BlackElo "1629"]
[PlyCount "129"]
[GameId "2160767911192198"]
[EventDate "2004.01.30"]
[EventType "swiss"]
[EventRounds "5"]
[EventCountry "CAN"]

1. e4 Nf6 2. e5 Nd5 3. d4 d6 4. Nf3 Bg4 5. Be2 e6 6. c4 Nb6 7. Qc2 Nc6 8. Be3 Bf5 9. Qb3 dxe5 10. dxe5 Nb4 11. Na3 Be7 12. c5 N6d5 13. Rd1 O-O 14. O-O c6 15. Bc4 Qc7 16. Bxd5 Nxd5 17. Nc4 Nxe3 18. Qxe3 f6 19. b4 Rfd8 20. Nd4 Re8 21. Nd6 Bxd6 22. exd6 Qd7 23. Qf3 Bg6 24. Rfe1 e5 25. Ne2 Bf7 26. Rd2 Be6 27. Ng3 Qf7 28. a3 Rad8 29. h3 Bd5 30. Qd1 Bb3 31. Qa1 Ba4 32. Rd3 Qc4 33. Rde3 b6 34. Rc1 Qd5 35. Nf5 Kf7 36. Qc3 Bb5 37. Rg3 g6 38. Nh6+ Kg7 39. Qe3 e4 40. Ng4 Qh5 41. Qd4 Qf5 42. Ne3 Qe5 43. Nc2 Qf4 44. Qe3 Qe5 45. Nd4 Qd5 46. Nxb5 cxb5 47. Qe2 Qc6 48. Re3 Rxd6 49. cxd6 Qxc1+ 50. Kh2 Qc6 51. Qd2 Rd8 52. Rc3 Rxd6 53. Rxc6 Rxd2 54. Rc7+ Kh6 55. Kg3 Rd3+ 56. Kf4 Rxa3 57. Kxe4 Ra4 58. Ke3 Rxb4 59. Rxa7 Ra4 60. Rb7 b4 61. Rxb6 Ra3+ 62. Kd2 b3 63. Rxf6 b2 64. Kc2 Ra2 65. g3 1/2-1/2

[Event "Vancouver-ch class"]
[Site "Vancouver CAN"]
[Date "2004.02.01"]
[Round "4"]
[White "Mandic, Slaven"]
[Black "Davies, Lucas"]
[Result "0-1"]
[WhiteElo "2047"]
[BlackElo "2088"]
[PlyCount "64"]
[GameId "2160767911192199"]
[EventDate "2004.01.30"]
[EventType "swiss"]
[EventRounds "5"]
[EventCountry "CAN"]

1. f4 Nf6 2. e3 e6 3. Nf3 d5 4. b3 Bd6 5. Bb2 O-O 6. Bd3 Nbd7 7. O-O Nc5 8. Ne5 Nxd3 9. cxd3 Qe7 10. d4 Nd7 11. Nc3 c6 12. d3 f6 13. Nxd7 Bxd7 14. e4 Bc7 15. Qh5 f5 16. e5 a5 17. Rac1 h6 18. Nb1 b5 19. a3 Bb6 20. Rf2 Kh7 21. Rfc2 Rg8 22. Qf3 g5 23. fxg5 Rxg5 24. Kh1 Rag8 25. g3 Rg4 26. Qf2 Qg5 27. Rxc6 Bxc6 28. Rxc6 Qh5 29. Rxe6 Rxg3 30. Re7+ Kh8 31. Nd2 Qd1+ 32. Nf1 Qf3+ 0-1

[Event "Vancouver-ch class"]
[Site "Vancouver CAN"]
[Date "2004.02.01"]
[Round "4"]
[White "Neufahrt, Gerhard"]
[Black "Sladek, Vaclav"]
[Result "1/2-1/2"]
[WhiteElo "2052"]
[BlackElo "2039"]
[PlyCount "86"]
[GameId "2160767911192200"]
[EventDate "2004.01.30"]
[EventType "swiss"]
[EventRounds "5"]
[EventCountry "CAN"]

1. d4 Nf6 2. Bf4 d5 3. Nf3 Bf5 4. e3 e6 5. Ne5 Nbd7 6. Nd2 Nxe5 7. dxe5 Nd7 8. h4 h6 9. g4 Bg6 10. Bg2 c6 11. e4 Qb6 12. Rh3 Be7 13. h5 Bh7 14. Rb3 Qc7 15. Qe2 Nc5 16. Rg3 Bh4 17. Rh3 Be7 18. Rg3 Bh4 19. Rc3 Nxe4 20. Nxe4 dxe4 21. O-O-O Rd8 22. Rxd8+ Qxd8 23. Rb3 Bg5 24. Qe3 Bxf4 25. Qxf4 O-O 26. Bxe4 Bxe4 27. Qxe4 Qg5+ 28. Kb1 Rd8 29. a4 Rd1+ 30. Ka2 Rd7 31. Rg3 c5 32. c3 Qd2 33. f4 Qd1 34. f5 Qd5+ 35. Qxd5 Rxd5 36. Re3 Rd2 37. fxe6 fxe6 38. Kb3 Kf7 39. Kc4 Rxb2 40. Kxc5 Ke7 41. Re4 Rc2 42. Kb4 Rb2+ 43. Kc5 Rc2 1/2-1/2

[Event "Vancouver-ch class"]
[Site "Vancouver CAN"]
[Date "2004.02.01"]
[Round "5"]
[White "Bojovic, Gavrilo"]
[Black "Milicevic, Dragoljub"]
[Result "0-1"]
[WhiteElo "2082"]
[BlackElo "2189"]
[PlyCount "34"]
[GameId "2160767911192201"]
[EventDate "2004.01.30"]
[EventType "swiss"]
[EventRounds "5"]
[EventCountry "CAN"]

1. e4 g6 2. d4 Bg7 3. Nf3 d6 4. Bc4 a6 5. O-O e6 6. Qe2 Nd7 7. Bg5 Ne7 8. Rd1 h6 9. Bh4 b5 10. Bb3 Bb7 11. Nc3 g5 12. Bxg5 hxg5 13. Nxg5 Ng6 14. Qg4 Qf6 15. Bxe6 fxe6 16. e5 dxe5 17. Nce4 Qf5 0-1

[Event "Vancouver-ch class"]
[Site "Vancouver CAN"]
[Date "2004.02.01"]
[Round "5"]
[White "Mandic, Slaven"]
[Black "Neufahrt, Gerhard"]
[Result "1/2-1/2"]
[WhiteElo "2047"]
[BlackElo "2052"]
[PlyCount "65"]
[GameId "2160767911192202"]
[EventDate "2004.01.30"]
[EventType "swiss"]
[EventRounds "5"]
[EventCountry "CAN"]

1. f4 d5 2. e3 Nf6 3. Nf3 Nc6 4. Bb5 Bd7 5. b3 a6 6. Bxc6 Bxc6 7. O-O e6 8. Bb2 Bd6 9. d3 Qe7 10. Nbd2 Bc5 11. Qe1 Rg8 12. c4 O-O-O 13. d4 Bb4 14. Qh4 h6 15. a3 Bxd2 16. Nxd2 dxc4 17. bxc4 g5 18. fxg5 hxg5 19. Qg3 Ne4 20. Nxe4 Bxe4 21. d5 f5 22. Qe5 Rg6 23. Rad1 Qc5 24. Bd4 Qd6 25. Qxd6 Rxd6 26. dxe6 Rdxe6 27. g3 c5 28. Bxc5 Rc6 29. Bd4 Rxc4 30. Rc1 Rgc6 31. Rxc4 Rxc4 32. h4 Rc2 33. Rf2 1/2-1/2

[Event "Vancouver-ch class"]
[Site "Vancouver CAN"]
[Date "2004.02.01"]
[Round "5"]
[White "Sladek, Vaclav"]
[Black "Chan, James"]
[Result "1/2-1/2"]
[WhiteElo "2039"]
[BlackElo "2021"]
[PlyCount "20"]
[GameId "2160767911192203"]
[EventDate "2004.01.30"]
[EventType "swiss"]
[EventRounds "5"]
[EventCountry "CAN"]

1. d4 f5 2. Bg5 g6 3. Nc3 Bg7 4. e4 d6 5. exf5 Bxf5 6. Bc4 h6 7. Bh4 c6 8. Nf3 d5 9. Bd3 Qd7 10. O-O g5 1/2-1/2

[Event "Western Canadian op"]
[Site "Richmond CAN"]
[Date "2004.07.09"]
[Round "1"]
[White "Jose, Marionito"]
[Black "Haukenfrers, Dale"]
[Result "0-1"]
[WhiteElo "1647"]
[BlackElo "2160"]
[PlyCount "82"]
[GameId "2160767911095443"]
[EventDate "2004.07.09"]
[EventType "swiss"]
[EventRounds "10"]
[EventCountry "CAN"]
[SourceTitle "CBM 101 ext"]
[Source "ChessBase"]
[SourceDate "2004.09.01"]
[SourceVersion "2"]
[SourceVersionDate "2004.09.23"]
[SourceQuality "1"]

1. e4 g6 2. d4 Nf6 3. Nc3 c6 4. f3 Qb6 5. Bc4 d5 6. Bb3 Bg7 7. Nge2 O-O 8. e5 Ne8 9. Be3 f6 10. f4 fxe5 11. Na4 Qa5+ 12. Bd2 Qc7 13. dxe5 b5 14. Nc5 Bg4 15. h3 Nd7 16. Nxd7 Bxd7 17. O-O Qb6+ 18. Kh1 Nc7 19. Qe1 Rad8 20. c3 Bf5 21. Ng3 e6 22. Nxf5 exf5 23. Be3 c5 24. Qf2 Ne6 25. Rfd1 Qc6 26. a4 a6 27. axb5 axb5 28. Ra7 g5 29. Rda1 gxf4 30. Bxf4 c4 31. R1a6 Qc8 32. Bc2 d4 33. Ra8 Qxa8 34. Rxa8 Rxa8 35. cxd4 b4 36. d5 Nxf4 37. Qxf4 Ra1+ 38. Kh2 Re1 39. Qxc4 Bxe5+ 40. g3 Re3 41. Qxb4 Re2+ 0-1

[Event "Western Canadian op"]
[Site "Richmond CAN"]
[Date "2004.07.09"]
[Round "1"]
[White "Welling, Gerard"]
[Black "Gustafson, Dale"]
[Result "1-0"]
[WhiteElo "2361"]
[BlackElo "2022"]
[PlyCount "73"]
[GameId "2160767911095445"]
[EventDate "2004.07.09"]
[EventType "swiss"]
[EventRounds "10"]
[EventCountry "CAN"]
[SourceTitle "CBM 101 Extra"]
[Source "ChessBase"]
[SourceDate "2004.09.01"]
[SourceVersion "2"]
[SourceVersionDate "2004.09.01"]
[SourceQuality "1"]

1. e3 e5 2. b3 Nc6 3. Bb2 Nf6 4. Nf3 d6 5. d4 exd4 6. Nxd4 Nxd4 7. Qxd4 Bd7 8. c4 Be7 9. Nc3 Bc6 10. Be2 Qd7 11. Bf3 Bxf3 12. gxf3 Qf5 13. Rg1 c5 14. Qd1 O-O-O 15. Qe2 Rhg8 16. O-O-O Qh5 17. f4 Qxh2 18. Rh1 Qg2 19. e4 Qg4 20. Qxg4+ Nxg4 21. Nd5 Bf6 22. Bxf6 Nxf6 23. Ne7+ Kc7 24. Nxg8 Rxg8 25. e5 Ne4 26. Rhe1 Nxf2 27. exd6+ Kc6 28. Rd2 Ng4 29. Re7 Nf6 30. Rc7+ Kb6 31. Rxf7 h5 32. d7 Rd8 33. Rxg7 Kc7 34. Rf7 Nxd7 35. Rh7 Kc8 36. Rxh5 b6 37. Rhd5 1-0

[Event "Western Canadian op"]
[Site "Richmond CAN"]
[Date "2004.07.09"]
[Round "1.1"]
[White "Brodie, Hugh"]
[Black "Cramling, Pia"]
[Result "0-1"]
[WhiteElo "1894"]
[BlackElo "2485"]
[PlyCount "60"]
[GameId "2160767911095446"]
[EventDate "2004.07.09"]
[EventType "swiss"]
[EventRounds "10"]
[EventCountry "CAN"]

1. e4 c5 2. Nf3 e6 3. d4 cxd4 4. Nxd4 a6 5. Nc3 b5 6. Bd3 Qb6 7. Nb3 Qc7 8. O-O Bb7 9. Qe2 d6 10. Bf4 Nc6 11. Rad1 Rd8 12. Kh1 Nf6 13. Rfe1 Be7 14. Bg3 h5 15. f3 h4 16. Bf2 Nh5 17. Qd2 Ne5 18. Nd4 g5 19. Be3 Rg8 20. Nce2 Rc8 21. c3 d5 22. Nc1 h3 23. exd5 Bxd5 24. Be4 Bxe4 25. fxe4 Nc4 26. Qf2 Nf6 27. Rf1 Nxe3 28. Qxe3 hxg2+ 29. Kxg2 Qxh2+ 30. Kxh2 Ng4+ 0-1

[Event "Western Canadian op"]
[Site "Richmond CAN"]
[Date "2004.07.09"]
[Round "1.2"]
[White "Yoos, John"]
[Black "Verma, Tony"]
[Result "1-0"]
[WhiteElo "2449"]
[BlackElo "1870"]
[PlyCount "81"]
[GameId "2160767911095447"]
[EventDate "2004.07.09"]
[EventType "swiss"]
[EventRounds "10"]
[EventCountry "CAN"]

1. e4 c5 2. Nf3 Nc6 3. d4 cxd4 4. Nxd4 g6 5. c4 Bg7 6. Be3 d6 7. Nc3 Nf6 8. Be2 Bd7 9. O-O Nxd4 10. Bxd4 O-O 11. Qd2 Bc6 12. f3 Qa5 13. Rab1 Rfc8 14. b4 Qc7 15. Rfc1 b6 16. Nd5 Bxd5 17. cxd5 Qb7 18. Bb5 Rxc1+ 19. Rxc1 Rc8 20. Bc6 Qc7 21. Be3 e6 22. dxe6 fxe6 23. Qd1 Qe7 24. Qa4 Rc7 25. Qd1 Nd7 26. Ba4 Ne5 27. Bb3 Rxc1 28. Qxc1 Qd7 29. h3 Kf7 30. f4 Nd3 31. Qd2 Nb2 32. Bd4 Bxd4+ 33. Qxd4 Na4 34. Qh8 Qc6 35. Qxh7+ Kf6 36. Qh4+ Kf7 37. f5 gxf5 38. exf5 Qc1+ 39. Kh2 Nb2 40. Bxe6+ Ke8 41. Qh8+ 1-0

[Event "Western Canadian op"]
[Site "Richmond CAN"]
[Date "2004.07.09"]
[Round "1.3"]
[White "Daswani, Benedict"]
[Black "Bellon Lopez, Juan Manuel"]
[Result "0-1"]
[WhiteElo "1854"]
[BlackElo "2447"]
[PlyCount "66"]
[GameId "2160767911095448"]
[EventDate "2004.07.09"]
[EventType "swiss"]
[EventRounds "10"]
[EventCountry "CAN"]

1. g3 c5 2. d3 g6 3. Bg2 Bg7 4. Nc3 Nc6 5. e4 d6 6. Be3 Nd4 7. Qd2 Qa5 8. h3 Rb8 9. Nge2 b5 10. Bxd4 cxd4 11. Nb1 b4 12. O-O e5 13. c3 bxc3 14. bxc3 Ba6 15. Rd1 dxc3 16. Nbxc3 Bh6 17. f4 Ne7 18. d4 exf4 19. Nxf4 Qa3 20. Qe3 O-O 21. Ncd5 Qxe3+ 22. Nxe3 Rfc8 23. Ned5 Nxd5 24. Nxd5 Rc2 25. Bf3 Bg7 26. a3 Be2 27. Bxe2 Rxe2 28. Nb4 Rxe4 29. Kg2 a5 30. Nc6 Rb2+ 31. Kf3 Ree2 32. Nxa5 Rf2+ 33. Ke4 d5+ 0-1

[Event "Western Canadian op"]
[Site "Richmond CAN"]
[Date "2004.07.09"]
[Round "1.5"]
[White "Sum, Peter"]
[Black "Fuentebella, Mayo"]
[Result "0-1"]
[WhiteElo "1791"]
[BlackElo "2348"]
[PlyCount "54"]
[GameId "2160767911095449"]
[EventDate "2004.07.09"]
[EventType "swiss"]
[EventRounds "10"]
[EventCountry "CAN"]

1. d4 g6 2. c4 Bg7 3. Nc3 d6 4. e4 Nd7 5. Be3 e5 6. Nge2 Nh6 7. f3 f5 8. Qa4 O-O 9. O-O-O fxe4 10. Nxe4 Nf5 11. Bg5 Qe8 12. d5 h6 13. Bd2 Qf7 14. Qb3 a6 15. Be3 b6 16. Bf2 Nc5 17. Qc2 Bd7 18. f4 Nxe4 19. Qxe4 Nd4 20. Bxd4 exd4 21. Nxd4 Rae8 22. Qd3 Qxf4+ 23. Kc2 Re3 24. Qxg6 Be8 25. Qe6+ Rxe6 26. Nxe6 Bg6+ 27. Bd3 Qxc4+ 0-1

[Event "Western Canadian op"]
[Site "Richmond CAN"]
[Date "2004.07.09"]
[Round "1.7"]
[White "Miller, Mike"]
[Black "Harper, Bruce"]
[Result "0-1"]
[WhiteElo "1774"]
[BlackElo "2326"]
[PlyCount "54"]
[GameId "2160767911095450"]
[EventDate "2004.07.09"]
[EventType "swiss"]
[EventRounds "10"]
[EventCountry "CAN"]

1. d4 g6 2. c4 d6 3. Nc3 Nd7 4. e4 e5 5. Nf3 Bg7 6. Be3 Ngf6 7. dxe5 dxe5 8. Be2 O-O 9. O-O Re8 10. b4 a5 11. a3 b6 12. Ne1 Bb7 13. f3 Nh5 14. Rc1 Nf4 15. g3 Ne6 16. Nc2 f5 17. exf5 gxf5 18. Qd2 axb4 19. axb4 c5 20. Nb5 f4 21. Bf2 Ng5 22. Qd1 e4 23. Nd6 Qc7 24. Nxe8 Rxe8 25. g4 exf3 26. Bd3 Nh3+ 27. Kh1 Re2 0-1

[Event "Western Canadian op"]
[Site "Richmond CAN"]
[Date "2004.07.09"]
[Round "1.8"]
[White "Lee, Vicente jr."]
[Black "Reid, Richard"]
[Result "1-0"]
[WhiteElo "2326"]
[BlackElo "1767"]
[PlyCount "55"]
[GameId "2160767911095451"]
[EventDate "2004.07.09"]
[EventType "swiss"]
[EventRounds "10"]
[EventCountry "CAN"]

1. d4 Nf6 2. Nf3 d5 3. c4 c6 4. Nc3 g6 5. Bg5 Bg7 6. e3 Ne4 7. Bf4 Nxc3 8. bxc3 O-O 9. Qb3 b6 10. Bd3 Ba6 11. O-O Nd7 12. Rfd1 Bxc4 13. Bxc4 dxc4 14. Qxc4 Qc8 15. Rac1 c5 16. d5 Qb7 17. a4 Rad8 18. e4 Rfe8 19. e5 Nb8 20. h4 Na6 21. e6 fxe6 22. dxe6 Nc7 23. Rd7 Rc8 24. Bxc7 Rxc7 25. Qf4 Rec8 26. Qf7+ Kh8 27. Rcd1 Bf8 28. Ng5 1-0

[Event "Western Canadian op"]
[Site "Richmond CAN"]
[Date "2004.07.09"]
[Round "1.9"]
[White "Long, Hugh"]
[Black "Kraidman, Yair"]
[Result "0-1"]
[WhiteElo "1752"]
[BlackElo "2320"]
[PlyCount "86"]
[GameId "2160767911095452"]
[EventDate "2004.07.09"]
[EventType "swiss"]
[EventRounds "10"]
[EventCountry "CAN"]

1. d4 d5 2. c4 c6 3. cxd5 cxd5 4. Nc3 Nc6 5. Nf3 Nf6 6. e3 g6 7. a3 Bg7 8. Bd3 O-O 9. O-O Bg4 10. Be2 e6 11. Bd2 Qe7 12. Rc1 Rfc8 13. h3 Bxf3 14. Bxf3 Qd8 15. Na4 Nd7 16. Nc5 Nxc5 17. Rxc5 Bf8 18. Rc2 Rc7 19. Bc3 Rac8 20. Rd2 Ne7 21. Bb4 Nf5 22. Bxf8 Qxf8 23. g3 Nd6 24. Qb3 Rc6 25. Qa2 Qe7 26. Re1 Qc7 27. Ree2 a5 28. e4 dxe4 29. Bxe4 Nxe4 30. Rxe4 Rd6 31. Re1 Qd7 32. Red1 e5 33. d5 Qxh3 34. Qb3 b6 35. Rc2 e4 36. Rxc8+ Qxc8 37. Qe3 Qc2 38. Qd4 h5 39. Rd2 Qc5 40. Qxe4 Qc1+ 41. Kg2 Qxd2 42. Qe8+ Kg7 43. Qe5+ Rf6 0-1

[Event "Western Canadian op"]
[Site "Richmond CAN"]
[Date "2004.07.09"]
[Round "1.10"]
[White "Metz, Helmut"]
[Black "Strazhnik, Mikhail"]
[Result "1-0"]
[WhiteElo "2290"]
[BlackElo "1749"]
[PlyCount "65"]
[GameId "2160767911095453"]
[EventDate "2004.07.09"]
[EventType "swiss"]
[EventRounds "10"]
[EventCountry "CAN"]

1. e4 e5 2. f4 exf4 3. Nf3 d5 4. exd5 Nf6 5. Bb5+ Bd7 6. Qe2+ Be7 7. Nc3 O-O 8. O-O Bb4 9. Bc4 Bg4 10. Qe5 Qd6 11. Qxd6 Bxd6 12. Nb5 h6 13. d4 g5 14. Ne5 Nbd7 15. Nxg4 Nxg4 16. Bd3 Ngf6 17. c4 a6 18. Nxd6 cxd6 19. Bd2 Rfd8 20. Bb4 Ng4 21. Bxd6 Ne3 22. Rfc1 Rac8 23. b3 f5 24. Re1 Kf7 25. Rxe3 fxe3 26. Bxf5 Nf6 27. Be6+ Kg6 28. Be7 Re8 29. Bxf6 Kxf6 30. Rf1+ Kg6 31. Bf5+ Kg7 32. Bxc8 Rxc8 33. Rf5 1-0

[Event "Western Canadian op"]
[Site "Richmond CAN"]
[Date "2004.07.09"]
[Round "1.11"]
[White "Krzyzowski, Ernest"]
[Black "Meng, Fanhao"]
[Result "0-1"]
[WhiteElo "1741"]
[BlackElo "2284"]
[PlyCount "114"]
[GameId "2160767911095454"]
[EventDate "2004.07.09"]
[EventType "swiss"]
[EventRounds "10"]
[EventCountry "CAN"]

1. c4 g6 2. Nc3 Bg7 3. d3 d6 4. e4 Nc6 5. Nge2 e5 6. f3 Nge7 7. Bg5 f6 8. Bh4 O-O 9. Qd2 a6 10. Bf2 Be6 11. g4 Kh8 12. h4 f5 13. gxf5 gxf5 14. h5 Ng8 15. Bh4 Qe8 16. Bg5 h6 17. Be3 f4 18. Bf2 Nf6 19. Nd5 Bxd5 20. cxd5 Nd8 21. O-O-O Nxh5 22. Bh3 Nf6 23. Rh2 c6 24. dxc6 bxc6 25. Rdh1 c5 26. Bf5 Ng8 27. Bh4 Ne6 28. Bxe6 Qxe6 29. Nc3 Bf6 30. Nd5 Bxh4 31. Rxh4 Rf7 32. R1h3 Rg7 33. Qh2 Kh7 34. a3 Raa7 35. Kb1 Rg6 36. Qf2 Rag7 37. Rh2 Rg1+ 38. Kc2 Qg6 39. Rh5 Qxh5 40. Rxh5 R1g2 41. Qxg2 Rxg2+ 42. Kc3 Rg3 43. Nc7 Rxf3 44. Nxa6 Rg3 45. Rf5 Kg7 46. Nc7 Nf6 47. Kc4 Kg6 48. a4 Rg2 49. b3 Ra2 50. Kb5 h5 51. a5 h4 52. Ne6 h3 53. Nxf4+ exf4 54. Rxf4 h2 55. Rh4 Nh5 56. a6 Ng3 57. a7 h1=Q 0-1

[Event "Western Canadian op"]
[Site "Richmond CAN"]
[Date "2004.07.09"]
[Round "1.14"]
[White "Bouvier, Jesse"]
[Black "Cameanii, Valerii"]
[Result "1-0"]
[WhiteElo "2196"]
[BlackElo "1717"]
[PlyCount "59"]
[GameId "2160767911095455"]
[EventDate "2004.07.09"]
[EventType "swiss"]
[EventRounds "10"]
[EventCountry "CAN"]

1. e4 e5 2. f4 d5 3. exd5 Qxd5 4. Nc3 Qe6 5. fxe5 Qxe5+ 6. Be2 c6 7. Nf3 Qc7 8. O-O Bd6 9. Ne4 Be6 10. d4 Be7 11. Neg5 Bxg5 12. Nxg5 Bd5 13. c4 h6 14. Bf4 Qd8 15. Nf3 Be6 16. d5 cxd5 17. Nd4 Bd7 18. Bf3 Ne7 19. cxd5 O-O 20. Qd3 Qb6 21. Kh1 Qf6 22. Be4 Qa6 23. Qg3 f5 24. d6 Rf6 25. dxe7 fxe4 26. Rfd1 Rg6 27. Qb3+ Kh8 28. Qf7 Nc6 29. Qxg6 Be8 30. Qd6 1-0

[Event "Western Canadian op"]
[Site "Richmond CAN"]
[Date "2004.07.09"]
[Round "1.15"]
[White "Pivovarov, Juraj"]
[Black "Van den Bersselaar, Jeroen"]
[Result "0-1"]
[WhiteElo "1676"]
[BlackElo "2189"]
[PlyCount "112"]
[GameId "2160767911095456"]
[EventDate "2004.07.09"]
[EventType "swiss"]
[EventRounds "10"]
[EventCountry "CAN"]

1. c4 c6 2. g3 d5 3. Bg2 Nf6 4. Nf3 Bf5 5. Qb3 Qb6 6. Qxb6 axb6 7. d3 dxc4 8. Nd4 Bg6 9. dxc4 Bxb1 10. Rxb1 Rxa2 11. b4 e5 12. Nf3 Nbd7 13. b5 Bc5 14. Bb2 O-O 15. e3 Bb4+ 16. Kd1 Ne4 17. Kc2 Ndc5 18. Nxe5 f6 19. Nd7 Nxf2 20. Nxf8 Nxh1 21. bxc6 bxc6 22. Bxh1 Kxf8 23. Ra1 Rxa1 24. Bxa1 Ke7 25. Bxc6 Kd6 26. Bf3 Nd7 27. Kb3 Bc5 28. Bd4 Ne5 29. Be2 Ke6 30. g4 f5 31. h3 h6 32. Ka4 fxg4 33. hxg4 g6 34. Kb5 Kd6 35. Bxc5+ bxc5 36. Ka4 Nd7 37. Kb3 Nf6 38. Kc2 Ke5 39. Bf3 h5 40. gxh5 Nxh5 41. Kd3 Nf6 42. Bg2 g5 43. Bb7 Ne8 44. Ke2 Nd6 45. Bd5 g4 46. Kf2 Ne4+ 47. Kg2 Nc3 48. Bc6 Nd1 49. Bb5 Nxe3+ 50. Kg3 Kf5 51. Bd7+ Kg5 52. Bb5 Nf5+ 53. Kg2 Kf4 54. Ba6 Nd6 55. Bb5 Nxb5 56. cxb5 Ke5 0-1

[Event "Western Canadian op"]
[Site "Richmond CAN"]
[Date "2004.07.09"]
[Round "1.17"]
[White "Westbrook, Mike"]
[Black "Milicevic, Dragoljub"]
[Result "0-1"]
[WhiteElo "1656"]
[BlackElo "2182"]
[PlyCount "40"]
[GameId "2160767911095458"]
[EventDate "2004.07.09"]
[EventType "swiss"]
[EventRounds "10"]
[EventCountry "CAN"]

1. c4 f5 2. Nc3 Nf6 3. Nf3 d6 4. d4 g6 5. g3 Bg7 6. Bg2 O-O 7. O-O Qe8 8. Re1 e5 9. e4 fxe4 10. dxe5 dxe5 11. Nxe4 Nxe4 12. Rxe4 Nc6 13. b3 Bf5 14. Re1 Rd8 15. Qe2 Bd3 16. Qe3 e4 17. Ba3 Rxf3 18. Bxf3 Bxa1 19. Bxe4 Qxe4 20. Qd2 Ne5 0-1